| 000 | 00938nam a22003017a 4500 | ||
|---|---|---|---|
| 001 | 7910 | ||
| 003 | FISKH | ||
| 005 | 20250813123010.0 | ||
| 008 | 250813b cb ||||| |||| 00| 0 eng d | ||
| 020 | _a9780590222969 | ||
| 040 |
_aFISKH _beng _cFISKH _dFISKH |
||
| 050 | _aQK661 .R45 | ||
| 082 | _a582.03 | ||
| 100 | _aRelf, Patricia | ||
| 245 |
_aThe magic school bus : _bPlants seeds / _cA book about how living things grow |
||
| 250 | _aThis edition first published in 1995 | ||
| 260 |
_aNew York : _bScholastic, _c1995 |
||
| 300 |
_a30 unnumbered pages : _bcolor llustrations ; _c21 cm |
||
| 505 | _aJ | ||
| 520 | _aMiss Frezzle's class plants a garden and travels via the magic school bus inside a flower. | ||
| 521 | 8 |
_a500
_bLexile |
|
| 521 | 8 |
_aJ
_bRaz-Plus |
|
| 650 |
_2Botany _aScience |
||
| 650 |
_2Magic School Bus _aFlowers |
||
| 700 |
_aSpeirs, John _dillustrator |
||
| 942 |
_2ddc _cBK _n0 |
||
| 999 |
_c7910 _d7910 |
||